000 00261nam a22001217a 4500
008 180601b xxu||||| |||| 00| 0 eng d
041 _aeng
080 _a043.3
100 _a0
101 _aMEK-BTH
245 _aRobotët Hapësinor
_cAmeti,E
942 _2udc
_cBK
999 _c46247
_d46247